| 000 | 01347nam a22002537a 4500 | ||
|---|---|---|---|
| 001 | 5800 | ||
| 003 | FISKH | ||
| 005 | 20250122164416.0 | ||
| 008 | 250122b cb ||||| |||| 00| 0 eng d | ||
| 020 | _a9780340812006 | ||
| 040 |
_aFISKH _beng _cFISKH _dFISKH |
||
| 050 | _aPZ7 | ||
| 082 | _a907 | ||
| 100 | _aLeadbeater, Tim | ||
| 245 |
_aIslamic empires 600-1650 / _cBy Tim Leadbeater |
||
| 250 | _aFirst published 2004 | ||
| 260 |
_aLondon : _bHodder Education , _c2004 . |
||
| 300 |
_a46 pages : _bcolor illustrations ; _c28 cm . |
||
| 520 | _aThis book includes all the features of the bestselling Hodder History series which is up-to-date, motivating, differentiated and flexible. It covers the rise and fall of Islamic Empires from c600 to c1650 including chapters on: The Dawn of Islam; The Empire Unfurls; Islamic Civilisation; Holy Wars; The Mughal Empire. Investigations which encourage pupils to become historical detectives and develop their enquiry skills are on fascinating topics such as: The Life of Women; Survival Skills for Rulers; Salah-ad-Din and Richard the Lionheart. As well as promoting historical skills this book integrates literacy through its guidance on extended answer questions. | ||
| 650 |
_aIslamic History _vnon-fiction |
||
| 700 |
_aWhittock , Martyn _eeditor |
||
| 942 |
_2ddc _cBK _n0 |
||
| 999 |
_c5800 _d5800 |
||